Movies Quiz

Random Movies or Superhero Quiz

The Dark Knight Ending Speech Quiz Stats

 Plays Quiz not verified by Sporcle

Score 0/176 Timer 08:00
1 Play Today
% Correct
BATMAN
96.7%
BATMAN
96.7%
BATMAN
96.7%
GORDON
94.8%
GORDON
94.8%
GORDON
94.8%
GORDON
94.8%
a
94.8%
A
94.7%
a
94.7%
a
94.6%
a
94.6%
a
94.6%
A
94.6%
A
94.6%
the
93.9%
the
93.9%
the
93.9%
the
93.9%
the
93.9%
the
93.9%
the
93.9%
I
93.4%
I
93.4%
I
93.4%
he
92.9%
He
92.9%
he
92.9%
GORDON'S SON
92.2%
GORDON'S SON
92.2%
hero
89.7%
hero.
89.7%
hero
89.7%
hero.
89.7%
hero
89%
hero.
89%
hero
89%
be.
87.9%
be.
87.9%
No,
86.9%
no,
86.9%
knight.
86.8%
Not
86.8%
dark
86.7%
we
86.7%
we
86.7%
knight,
86.6%
not
86.2%
not.
86.2%
not
86.2%
not
86.2%
Gotham
85.8%
Gotham
85.8%
we
85.6%
to
85.3%
to
85.3%
to
85.3%
to
85.3%
to
85.3%
% Correct
You
83.7%
you
83.7%
you
83.7%
you.
83.7%
do
83.5%
do
83.5%
it
83.5%
it
83.5%
it.
83.5%
is
83.4%
needs
83.1%
needs
83.1%
needs
83.1%
can
82.4%
can
82.4%
can
82.4%
but
82.1%
but
80.6%
deserve
79.1%
deserve
79.1%
he's
78.3%
he's
78.3%
He's
78.3%
because
78.1%
Because
78.1%
Because
78.1%
Because
78.1%
Because
78.1%
Because
78.1%
Because
78.1%
me
77.9%
me.
77.9%
me.
77.9%
me.
77.9%
him.
77.9%
him.
77.9%
on
77.8%
what
75.9%
what
75.9%
I'm
75.1%
I'm
75.1%
I'm
75.1%
one
74.6%
have
74.6%
have
74.6%
now.
73.9%
Why
73.2%
right
72.5%
So
72.3%
Batman?
71.7%
Batman?
71.7%
deserves,
71.6%
chase
71.1%
didn't
70.2%
anything
69.5%
take
69.2%
wrong.
67.9%
running
67.8%
protector.
67.2%
% Correct
hunt
65.6%
hunt
65.6%
hunt
65.6%
dad?
65.4%
can't.
64.9%
people.
64%
people
64%
people
64%
see
63.7%
or
63.3%
enough
63.2%
enough.
63.2%
watchful
63.2%
we'll
63.2%
silent
63.1%
live
62.4%
guardian.
62.4%
die
62.2%
become
61.7%
whatever
61.1%
long
61.1%
villain.
60.9%
either
60.6%
those
60.3%
those
60.3%
yourself
59.6%
That's
59.1%
that's
59.1%
killed
57.4%
things
57.3%
dogs
56.8%
You're
56.6%
Dent.
56.4%
in.
55.5%
needed.
54.5%
happen.
54.5%
You'll
53.2%
You'll
53.2%
deserved
51.2%
They'll
47.3%
their
46.6%
Set
46.5%
isn't
45.2%
Call
45%
more.
43.6%
good
43.5%
faith
43.2%
truth
42.5%
sometimes,
42.2%
Sometimes
42.2%
Sometimes
42.2%
rewarded.
41.6%
like
37.5%
shining.
36.6%
than
35.8%
condemn
35.3%
Nothing
32.1%
less
29.4%

You're not logged in!

Compare scores with friends on all Sporcle quizzes.
OR
Log In

Show Comments

Extras

Top Quizzes Today


Score Distribution

Your Account Isn't Verified!

In order to create a playlist on Sporcle, you need to verify the email address you used during registration. Go to your Sporcle Settings to finish the process.

Report this User

Report this user for behavior that violates our Community Guidelines.

Details: